00345 a2200145 450000100060000002000150000604000240002110000180004524000420006324500370010530000070014236200090014944000100015865000310016845010 a8532507956 cAnchieta - Aquarius aPlath, Sylvia10aO terno tanto faz como tanto fezlpor10aO terno tanto faz como tanto fez a420 a1997 1aRocco 4aLiteratura infanto-juvenil